|
|
|
|
| LEADER |
01423nam a2200385 a 4500 |
| 001 |
000377638 |
| 003 |
CZ BrMZK |
| 005 |
20210324160738.0 |
| 007 |
ta |
| 008 |
980115s1998 xr e 0 cze d |
| 015 |
|
|
|a cnb000537566
|
| 020 |
|
|
|a 80-85965-15-1
|
| 035 |
|
|
|a (OCoLC)41372302
|
| 040 |
|
|
|a BOA001
|b cze
|
| 072 |
|
7 |
|a 22/24
|x Náboženství Dálného východu. Indická náboženství. Hinduismus. Buddhismus
|2 Konspekt
|9 5
|
| 080 |
|
|
|a 233-247
|2 MRF
|
| 080 |
|
|
|a 165.322
|2 MRF
|
| 080 |
|
|
|a 14(540)
|2 MRF
|
| 080 |
|
|
|a 233
|2 MRF
|
| 080 |
|
|
|a (082)
|2 MRF
|
| 245 |
0 |
0 |
|a Světlo upanišad :
|b útěcha a poezie svatých písem indických /
|c přeložil Rudolf Janíček ; [ilustrace Václava Císařovská].
|
| 260 |
|
|
|a Liberec :
|b Santal,
|c 1998
|
| 300 |
|
|
|a 116 s. :
|b barev. il. ;
|c 20 cm
|
| 490 |
1 |
|
|a Moudrost staré Indie ;
|v sv. 3
|
| 650 |
0 |
7 |
|a upanišady
|7 ph116540
|2 czenas
|
| 650 |
0 |
7 |
|a duchovní poznání
|7 ph119632
|2 czenas
|
| 650 |
0 |
7 |
|a indická filozofie
|7 ph121060
|2 czenas
|
| 650 |
0 |
7 |
|a hinduismus
|7 ph114661
|2 czenas
|
| 655 |
|
7 |
|a sborníky
|7 fd163935
|2 czenas
|
| 700 |
1 |
|
|a Janíček, Rudolf,
|d 1904-1988
|7 jk01050949
|4 trl
|
| 700 |
1 |
|
|a Císařovská, Vendula,
|d 1950-
|7 jn20000400436
|4 ill
|
| 830 |
|
0 |
|a Moudrost staré Indie
|0 s
|
| 910 |
|
|
|a BOA001
|b 2-1053.732
|
| 990 |
|
|
|a BK
|
| 996 |
6 |
|
|b 2610083955
|c 2-1053.732
|l MZK
|r Sklad / do 1 hodiny
|n 50
|p p.v. ; nelze digi.
|w 000377638
|u 000010
|a 1
|e BOA001
|j MZK50
|s P
|